[Event "POL-ch U10"]
[Site "Sielpia"]
[Date "2023.03.06"]
[Round "3"]
[White "Kopia, Julian"]
[Black "Perkowski, Jakub"]
[Result "0-1"]
[WhiteElo "1003"]
[BlackElo "1213"]
[PlyCount "104"]
[EventDate "2023.03.04"]
[EventType "swiss"]
[EventRounds "9"]
[EventCountry "POL"]
[SourceTitle "EXT 2024"]
[Source "ChessBase"]
[SourceDate "2023.10.10"]
[SourceVersion "1"]
[SourceVersionDate "2023.10.10"]
[SourceQuality "1"]
[WhiteTeam "Poland"]
[BlackTeam "Poland"]
[WhiteTeamCountry "POL"]
[BlackTeamCountry "POL"]

1. e4 c5 2. Nc3 d6 3. g3 Nf6 4. Bg2 e5 5. d3 Be7 6. f4 Nc6 7. Nf3 0-0 8. 0-0 Re8 9. f5 g6 10. Nh4 Nh5 11. Nf3 Ng7 12. g4 g5 13. Nd5 h6 14. Nd2 f6 15. c3 Kh7 16. Nf3 Rh8 17. h4 Kg8 18. Qb3 Kf8 19. hxg5 hxg5 20. Nxg5 Na5 21. Qd1 b6 22. b4 cxb4 23. cxb4 Nc6 24. Nf3 Ne8 25. Be3 Nc7 26. Nxe7 Qxe7 27. a3 d5 28. Rc1 Bb7 29. Qb3 Rd8 30. exd5 Nxd5 31. Bd2 Qg7 32. Qc4 Rg8 33. Nh2 Nd4 34. Rce1 Rc8 35. Qxc8+ Bxc8 36. Bxd5 Rh8 37. b5 Bxf5 38. Bb4+ Ke8 39. Bc6+ Kd8 40. Bc3 Bxg4 41. Rf2 Bf3+ 42. Kf1 Bxc6 43. Bxd4 Bxb5 44. Be3 Bxd3+ 45. Ree2 Bxe2+ 46. Rxe2 Qg3 47. Rd2+ Ke7 48. Bg1 Qf4+ 49. Rf2 Qc1+ 50. Kg2 Rg8+ 51. Kh3 Qxg1 52. Rf3 Rh8# 0-1

[Event "POL-ch U10"]
[Site "Jastrzebia Gora"]
[Date "2022.03.16"]
[Round "9"]
[White "Czeremcha, Piotr"]
[Black "Perkowski, Jakub"]
[Result "1/2-1/2"]
[WhiteElo "1069"]
[BlackElo "1156"]
[PlyCount "93"]
[EventDate "2022.03.08"]
[EventType "swiss"]
[EventRounds "9"]
[EventCountry "POL"]
[SourceTitle "EXT 2023"]
[Source "ChessBase"]
[SourceDate "2022.10.05"]
[SourceVersion "1"]
[SourceVersionDate "2022.10.05"]
[SourceQuality "1"]

1. e4 e5 2. Nf3 Nc6 3. d4 exd4 4. Nxd4 Bc5 5. Nb3 Bb6 6. Nc3 Qf6 7. Qe2 Nge7 8. Be3 d6 9. 0-0-0 Bd7 10. Kb1 Bxe3 11. Qxe3 Ne5 12. Nd5 Nxd5 13. exd5 0-0 14. h3 c6 15. dxc6 bxc6 16. Qd4 Be6 17. f4 Ng6 18. Qxf6 gxf6 19. g3 d5 20. Bd3 Bc8 21. Nc5 Rb8 22. Rdf1 Rd8 23. g4 d4 24. Rhg1 Rd5 25. Ne4 Kg7 26. Bc4 Rd7 27. g5 f5 28. Nf6 Rdb7 29. b3 Rb4 30. Kc1 Be6 31. Bxe6 fxe6 32. h4 c5 33. h5 Ne7 34. h6+ Kg6 35. Nd7 Nc6 36. Nxb8 Rxb8 37. Re1 Re8 38. Rg2 e5 39. fxe5 Rxe5 40. Rge2 Rxe2 41. Rxe2 Kxg5 42. Re6 Nd8 43. Rd6 Nf7 44. Rd5 Nxh6 45. Rxc5 Ng4 46. Rc7 h5 47. Rg7+ 1/2-1/2

[Event "POL-ch U10"]
[Site "Jastrzebia Gora"]
[Date "2022.03.14"]
[Round "7"]
[White "Leoniuk, Stanislaw"]
[Black "Perkowski, Jakub"]
[Result "0-1"]
[WhiteElo "1108"]
[BlackElo "1156"]
[PlyCount "78"]
[EventDate "2022.03.08"]
[EventType "swiss"]
[EventRounds "9"]
[EventCountry "POL"]
[SourceTitle "EXT 2023"]
[Source "ChessBase"]
[SourceDate "2022.10.05"]
[SourceVersion "1"]
[SourceVersionDate "2022.10.05"]
[SourceQuality "1"]

1. e4 e5 2. Nf3 Nc6 3. Be2 Bc5 4. 0-0 Nf6 5. d3 d6 6. Nbd2 0-0 7. Re1 a6 8. Bf1 Ba7 9. h3 Nh5 10. Nxe5 Bxf2+ 11. Kxf2 Qh4+ 12. Kg1 Nxe5 13. d4 Bg4 14. Be2 Bxe2 15. Qxe2 Ng6 16. Nf3 Qe7 17. Qc4 c6 18. Bg5 Qd7 19. Rad1 h6 20. Bd2 Kh8 21. Bc3 Rae8 22. d5 c5 23. Qd3 Kg8 24. b3 Ngf4 25. Qf1 Ng3 26. Qc4 b5 27. Qd3 Nxd3 28. cxd3 b4 29. Bd2 f5 30. Bf4 fxe4 31. Bxg3 exf3 32. Rf1 fxg2 33. Kxg2 Rxf1 34. Rxf1 Re2+ 35. Bf2 Rxa2 36. Rd1 Qf5 37. Rf1 Qxd3 38. Re1 Qxd5+ 39. Kf1 Qf3 0-1